Hamiltonian dynamics / (Record no. 29852)
[ view plain ]
| 000 -LEADER | |
|---|---|
| fixed length control field | 00416 a2200157 4500 |
| 003 - CONTROL NUMBER IDENTIFIER | |
| control field | NUST |
| 005 - DATE AND TIME OF LATEST TRANSACTION | |
| control field | 20180118122833.0 |
| 008 - FIXED-LENGTH DATA ELEMENTS--GENERAL INFORMATION | |
| fixed length control field | 180118b xxu||||| |||| 00| 0 eng d |
| 020 ## - INTERNATIONAL STANDARD BOOK NUMBER | |
| International Standard Book Number | 9810233086 |
| 020 ## - INTERNATIONAL STANDARD BOOK NUMBER | |
| International Standard Book Number | 9789810233082 |
| 082 ## - DEWEY DECIMAL CLASSIFICATION NUMBER | |
| Classification number | 514.74 |
| 100 1# - MAIN ENTRY--PERSONAL NAME | |
| Personal name | Vilasi, Gaetano. |
| 9 (RLIN) | 8720 |
| 245 10 - TITLE STATEMENT | |
| Title | Hamiltonian dynamics / |
| Statement of responsibility, etc. | Gaetano Vilasi. |
| 260 ## - PUBLICATION, DISTRIBUTION, ETC. | |
| Place of publication, distribution, etc. | [S.l.] : |
| Name of publisher, distributor, etc. | World Scientific Pub Co Inc, |
| Date of publication, distribution, etc. | 2001. |
| 300 ## - PHYSICAL DESCRIPTION | |
| Extent | 456 p. ; |
| Dimensions | 22 cm. |
| 700 ## - ADDED ENTRY--PERSONAL NAME | |
| Personal name | Vilasi, Gaetano. |
| 9 (RLIN) | 8720 |
| 942 ## - ADDED ENTRY ELEMENTS (KOHA) | |
| Institution code [OBSOLETE] | SNS |
| Koha item type | Book |
| Call number prefix | 514.74 VIL |
| Source of classification or shelving scheme | |
| Withdrawn status | Lost status | Damaged status | Not for loan | Permanent Location | Current Location | Date acquired | Total Checkouts | Full call number | Barcode | Date last seen | Price effective from | Koha item type |
|---|---|---|---|---|---|---|---|---|---|---|---|---|
| School of Natural Sciences (SNS) | School of Natural Sciences (SNS) | 05/26/2016 | 514.74 VIL | SNS0001438 | 11/24/2022 | 05/26/2016 | Book |
